000 00329nam a2200133Ia 4500
005 20251222143231.0
008 251222s9999||||xx |||||||||||||| ||spa||
020 _a88-17-11117-1
082 _a261.4/N49
100 _aNewman, John Henry
245 0 _aIl Cuore del Mondo
264 _bR. C. S. Libri & Grandi Opere
942 _cLIB
999 _c14203
_d14203